Города Уральского федерального округа России - Statistics

General Stats
  • This quiz has been taken 143 times
  • The average score is 51 of 115
Answer Stats
Население Подсказка Город % Correct
302 354 Курганская область Курган
98%
1 536 183 Свердловская область Екатеринбург
98%
861 098 Тюменская область Тюмень
95%
1 177 058 Челябинская область Челябинск
93%
109 745 Ханты-Мансийский автономный округ - Югра Ханты-Мансийск
90%
396 443 Ханты-Мансийский автономный округ - Югра Сургут
80%
334 209 Свердловская область Нижний Тагил
75%
413 755 Челябинская область Магнитогорск
75%
49 160 Ямало-Ненецкий автономный округ Салехард
73%
283 256 Ханты-Мансийский автономный округ - Югра Нижневартовск
72%
159 662 Челябинская область Златоуст
72%
147 449 Челябинская область Миасс
70%
100 352 Тюменская область Тобольск
68%
124 732 Ханты-Мансийский автономный округ - Югра Нефтеюганск
67%
106 764 Ямало-Ненецкий автономный округ Новый Уренгой
62%
112 860 Свердловская область Первоуральск
58%
162 177 Свердловская область Каменск-Уральский
55%
101 235 Ямало-Ненецкий автономный округ Ноябрьск
55%
68 609 Курганская область Шадринск
53%
146 125 Челябинская область Копейск
53%
67 614 Тюменская область Ишим
52%
50 717 Челябинская область Снежинск
52%
12 569 Челябинская область Сим
52%
93 192 Свердловская область Серов
50%
76 434 Челябинская область Озёрск
50%
27 442 Челябинская область Аша
50%
77 894 Свердловская область Новоуральск
48%
24 029 Свердловская область Североуральск
48%
9925 Свердловская область Верхний Тагил
48%
73 727 Свердловская область Верхняя Пышма
47%
56 533 Свердловская область Асбест
47%
69 983 Челябинская область Троицк
47%
38 853 Тюменская область Ялуторовск
45%
38 288 Ханты-Мансийский автономный округ - Югра Югорск
45%
37 313 Челябинская область Южноуральск
45%
21 016 Челябинская область Усть-Катав
45%
60 566 Свердловская область Берёзовский
43%
59 521 Свердловская область Ревда
43%
55 727 Свердловская область Краснотурьинск
43%
29 895 Свердловская область Богданович
43%
23 651 Свердловская область Среднеуральск
43%
63 034 Ханты-Мансийский автономный округ - Югра Нягань
43%
42 701 Ханты-Мансийский автономный округ - Югра Лангепас
43%
25 969 Ямало-Ненецкий автономный округ Лабытнанги
43%
27 371 Челябинская область Еманжелинск
43%
8861 Челябинская область Верхнеуральск
43%
40 474 Свердловская область Верхняя Салда
42%
37 307 Свердловская область Красноуфимск
42%
36 587 Свердловская область Ирбит
42%
35 972 Свердловская область Алапаевск
42%
17 985 Свердловская область Нижняя Тура
42%
8465 Свердловская область Верхняя Тура
42%
6578 Свердловская область Верхотурье
42%
27 100 Тюменская область Заводоуковск
42%
52 887 Ханты-Мансийский автономный округ - Югра Мегион
42%
31 138 Ханты-Мансийский автономный округ - Югра Советский
42%
45 229 Ямало-Ненецкий автономный округ Надым
42%
33 869 Ямало-Ненецкий автономный округ Губкинский
42%
10 130 Челябинская область Юрюзань
42%
36 226 Свердловская область Реж
40%
21 384 Свердловская область Красноуральск
40%
16 233 Свердловская область Нижняя Салда
40%
10 530 Свердловская область Новая Ляля
40%
61 441 Ханты-Мансийский автономный округ - Югра Когалым
40%
40 180 Ханты-Мансийский автономный округ - Югра Пыть-Ях
40%
43 577 Ханты-Мансийский автономный округ - Югра Радужный
38%
41 315 Ханты-Мансийский автономный округ - Югра Урай
38%
19 932 Ямало-Ненецкий автономный округ Тарко-Сале
38%
35 325 Челябинская область Кыштым
38%
22 548 Челябинская область Верхний Уфалей
38%
14 454 Челябинская область Катав-Ивановск
38%
11 881 Курганская область Катайск
37%
8252 Курганская область Щучье
37%
28 775 Свердловская область Артёмовский
37%
19 805 Свердловская область Арамиль
37%
7777 Свердловская область Нижние Серги
37%
40 977 Ханты-Мансийский автономный округ - Югра Лянтор
37%
19 994 Ханты-Мансийский автономный округ - Югра Белоярский
37%
29 306 Ямало-Ненецкий автономный округ Муравленко
37%
44 671 Челябинская область Чебаркуль
37%
54 364 Свердловская область Полевской
35%
32 461 Свердловская область Сухой Лог
35%
14 041 Свердловская область Ивдель
35%
36 591 Челябинская область Коркино
35%
8502 Курганская область Петухово
33%
48 231 Свердловская область Лесной
33%
32 272 Свердловская область Тавда
33%
16 594 Свердловская область Туринск
33%
14 547 Свердловская область Талица
33%
8392 Свердловская область Волчанск
33%
16 040 Ханты-Мансийский автономный округ - Югра Покачи
33%
32 478 Челябинская область Трёхгорный
33%
15 006 Челябинская область Касли
33%
10 339 Челябинская область Карабаш
33%
16 264 Курганская область Шумиха
32%
36 910 Свердловская область Качканар
32%
26 933 Свердловская область Камышлов
32%
26 891 Свердловская область Кушва
32%
22 030 Свердловская область Невьянск
32%
15 061 Свердловская область Дегтярск
32%
42 062 Челябинская область Сатка
32%
16 103 Челябинская область Бакал
32%
11 584 Курганская область Далматово
30%
6827 Курганская область Макушино
30%
25 396 Свердловская область Карпинск
30%
20 436 Свердловская область Сысерть
30%
16 934 Челябинская область Куса
30%
14 806 Курганская область Куртамыш
28%
9714 Свердловская область Михайловск
28%
28 517 Свердловская область Заречный
27%
18 497 Свердловская область Кировград
25%
26 679 Челябинская область Карталы
25%
10 198 Челябинская область Нязепетровск
25%
8364 Челябинская область Миньяр
25%
18 243 Челябинская область Пласт
22%
No matching quizzes found
Score Distribution
Percent of People with Each Score
Percentile by Number Answered
Your Score History
You have not taken this quiz